Trvalé zvyšování kvality služeb: musí mít svůj důvod, motor a emoce

Dôvody pre trvalé zvyšovanie kvality služieb. Čo je potrebné k tomu, aby pracovný tím trvalo zvyšoval kvalitu poskytovaných služieb.

Enregistré dans:
Détails bibliographiques
Auteur principal: Prokop, Pavel
Format: Chapitre de livre
Langue:tchèque
Sujets:
Tags: Ajouter un tag
Pas de tags, Soyez le premier à ajouter un tag!

MARC

LEADER 00000naa a2200000 4500
001 0143683
005 20231113132653.1
041 0 |a cze 
044 |a CZ 
245 1 0 |a Trvalé zvyšování kvality služeb: musí mít svůj důvod, motor a emoce  |c Pavel Prokop 
520 |a Dôvody pre trvalé zvyšovanie kvality služieb. Čo je potrebné k tomu, aby pracovný tím trvalo zvyšoval kvalitu poskytovaných služieb. 
610 2 0 |a tímy pracovné 
610 2 0 |a služby 
610 2 0 |a kvalita 
100 1 |a Prokop, Pavel